| 000 | 00661nam a2200217Ia 4500 | ||
|---|---|---|---|
| 999 |
_c49261 _d49261 |
||
| 001 | 16175 | ||
| 003 | GE_BSU | ||
| 005 | 20221129104505.0 | ||
| 008 | 181216s2011||||enk|||||||||||||| ||eng|| | ||
| 020 | _a9781594485756x | ||
| 040 | _cGE_BSU | ||
| 041 | _aeng | ||
| 080 | _a616.85/82+159.98 R-76 | ||
| 100 |
_aRonson, Jon _916188 |
||
| 245 | 4 |
_aThe Psychopath test : _b A Journey Through the Madness Industry / _cJon Ronson. |
|
| 264 |
_aNew York : _bRiverhead Books, _c2011. |
||
| 300 |
_a275 p.; _b21 cm. |
||
| 653 | _aნევროპათოლოგია. ნევროლოგია | ||
| 653 | _aფსიქოლოგია | ||
| 942 |
_cBK _2udc |
||